Machine learning and security: (Record no. 6340)
[ view plain ]
| 000 -LEADER | |
|---|---|
| fixed length control field | 00742nam a22002537a 4500 |
| 003 - CONTROL NUMBER IDENTIFIER | |
| control field | OSt |
| 005 - DATE AND TIME OF LATEST TRANSACTION | |
| control field | 20220107122847.0 |
| 008 - FIXED-LENGTH DATA ELEMENTS--GENERAL INFORMATION | |
| fixed length control field | 190117b xxu||||| |||| 00| 0 eng d |
| 020 ## - INTERNATIONAL STANDARD BOOK NUMBER | |
| International Standard Book Number | 9789352136933 |
| 040 ## - CATALOGING SOURCE | |
| Transcribing agency | IIITMK |
| 082 ## - DEWEY DECIMAL CLASSIFICATION NUMBER | |
| Classification number | 006.31 CHI/M |
| 100 ## - MAIN ENTRY--PERSONAL NAME | |
| Personal name | Chio, Clarence |
| 9 (RLIN) | 15224 |
| 245 ## - TITLE STATEMENT | |
| Title | Machine learning and security: |
| Remainder of title | Protecting systems with data and algorithms |
| Statement of responsibility, etc. | Clarence Chio |
| 260 ## - PUBLICATION, DISTRIBUTION, ETC. | |
| Place of publication, distribution, etc. | Sebastopol, |
| Name of publisher, distributor, etc. | O'Reilly, |
| Date of publication, distribution, etc. | 2018. |
| 300 ## - PHYSICAL DESCRIPTION | |
| Extent | xv, 365p. |
| 650 ## - SUBJECT ADDED ENTRY--TOPICAL TERM | |
| Topical term or geographic name entry element | COMPUTER SCIENCE |
| 9 (RLIN) | 16430 |
| 650 ## - SUBJECT ADDED ENTRY--TOPICAL TERM | |
| Topical term or geographic name entry element | COMPUTER SECURITY |
| 9 (RLIN) | 16431 |
| 650 ## - SUBJECT ADDED ENTRY--TOPICAL TERM | |
| Topical term or geographic name entry element | MACHINE LEARNING |
| 9 (RLIN) | 16432 |
| 650 ## - SUBJECT ADDED ENTRY--TOPICAL TERM | |
| Topical term or geographic name entry element | DATA SECURITY |
| 9 (RLIN) | 16433 |
| 650 ## - SUBJECT ADDED ENTRY--TOPICAL TERM | |
| Topical term or geographic name entry element | ALGORITHMS |
| 9 (RLIN) | 16434 |
| 650 ## - SUBJECT ADDED ENTRY--TOPICAL TERM | |
| Topical term or geographic name entry element | CYBERSECURITY |
| 9 (RLIN) | 16435 |
| 700 ## - ADDED ENTRY--PERSONAL NAME | |
| Personal name | Freeman, David |
| 9 (RLIN) | 15225 |
| 942 ## - ADDED ENTRY ELEMENTS (KOHA) | |
| Source of classification or shelving scheme | Dewey Decimal Classification |
| Koha item type | Books |
| Withdrawn status | Lost status | Source of classification or shelving scheme | Damaged status | Not for loan | Collection code | Home library | Current library | Shelving location | Date acquired | Cost, normal purchase price | Total Checkouts | Full call number | Barcode | Date last seen | Date last checked out | Price effective from | Koha item type |
|---|---|---|---|---|---|---|---|---|---|---|---|---|---|---|---|---|---|
| Dewey Decimal Classification | Machine Learning/ Deep Learning | Kerala University of Digital Sciences, Innovation and Technology Knowledge Centre | Kerala University of Digital Sciences, Innovation and Technology Knowledge Centre | Computer Science | 17/01/2019 | 720.00 | 9 | 006.31 CHI/M | 5384 | 08/07/2025 | 20/02/2025 | 17/01/2019 | Books |